Measurement error in nonlinear models

Αποθηκεύτηκε σε:
Λεπτομέρειες βιβλιογραφικής εγγραφής
Κύριος συγγραφέας: Carroll, Raymond J.
Άλλοι συγγραφείς: Ruppert, David 1948-, Stefanski, Leonard A.
Μορφή: Βιβλίο
Γλώσσα:English
Δημοσίευση: London ; New York : Chapman & Hall, 1995
Σειρά:Monographs on statistics and applied probability ; ; 63
Θέματα:
Ετικέτες: Προσθήκη ετικέτας
Δεν υπάρχουν, Καταχωρήστε ετικέτα πρώτοι!

MARC

LEADER 00000nam a2200000 i 4500
001 1/8293
008 000627s1995 eng d
020 |a 0-412-04721-7 
035 |l 10062619 
040 |a GR-MY-UA  |b gre  |e aacr 
041 0 |a eng 
082 0 |a 519.536  |2 (20) 
100 1 |a Carroll, Raymond J. 
245 1 0 |a Measurement error in nonlinear models /  |c Raymond J. Carrol, D. Ruppert, L.A. Stefanski 
260 |a London ; New York :   |b Chapman & Hall,   |c 1995 
300 |a xxiv, 305 p.;  |b  ill.;  |c 23 cm. 
490 1 |a Monographs on statistics and applied probability  |v ; 63 
504 |a Bibliography: p. 280-297. 
504 |a Includes index 
650 0 0 |a Regression analysis. 
650 0 0 |a Nonlinear theories. 
700 1 |a Ruppert, David  |d 1948- 
700 1 |a Stefanski, Leonard A. 
830 0 |a Monographs on statistics and applied probability ;  |v ; 63 
852 |a INST  |b SAMOS  |e 20000627  |h 519.536 CAR  |p 005300019377  |q 005300019377  |t BK  |y 0 
901 |a BIBL3-2000-2 
909 |a Σ  |b 078706 
922 |a 3ΕΛΗ  |b 200005  |c ΚΠΣ  |d ΠΑΠΑΣΩΤΗΡΙΟΥ 
950 |a 116-1999-12-31 
970 |a ΜΑΛΑΓΑΡΗ  |b ΦΩΤΕΙΝΗ  |z 2000/07/21